<?xml version="1.0" encoding="UTF-8"?>
<collection xmlns="http://www.loc.gov/MARC21/slim">
 <record>
  <leader>01286nam a22003378a 4500</leader>
  <controlfield tag="001">000018288</controlfield>
  <controlfield tag="003">14716</controlfield>
  <controlfield tag="005">20131007141054.0</controlfield>
  <controlfield tag="008">131007s2012              b   000 0 vieod</controlfield>
  <datafield tag="020" ind1=" " ind2=" ">
   <subfield code="c">28000đ</subfield>
   <subfield code="d">1000b</subfield>
  </datafield>
  <datafield tag="041" ind1="0" ind2=" ">
   <subfield code="a">vie</subfield>
  </datafield>
  <datafield tag="080" ind1=" " ind2=" ">
   <subfield code="a">547(075.3)</subfield>
  </datafield>
  <datafield tag="084" ind1=" " ind2=" ">
   <subfield code="a">D2z73</subfield>
   <subfield code="b">H401H</subfield>
  </datafield>
  <datafield tag="100" ind1="1" ind2=" ">
   <subfield code="a">Ngô Thị Thuận</subfield>
  </datafield>
  <datafield tag="245" ind1="1" ind2="0">
   <subfield code="a">Hoá học hữu cơ</subfield>
   <subfield code="b">Phần bài tập. Dùng cho sinh viên khoa hoá các trường đại học, cao đẳng</subfield>
   <subfield code="c">Ngô Thị Thuận</subfield>
  </datafield>
  <datafield tag="260" ind1=" " ind2=" ">
   <subfield code="a">H.</subfield>
   <subfield code="b">Khoa học và Kỹ thuật</subfield>
   <subfield code="c">2012</subfield>
  </datafield>
  <datafield tag="300" ind1=" " ind2=" ">
   <subfield code="a">187 tr</subfield>
   <subfield code="c">27 cm.</subfield>
  </datafield>
  <datafield tag="520" ind1=" " ind2=" ">
   <subfield code="a">Một số phương pháp dùng để nối mạch và giản mạch cacbon, các phản ứng chủ yếu của dẫn xuất halogen...và các bài tập kèm theo lời giải</subfield>
  </datafield>
  <datafield tag="653" ind1=" " ind2=" ">
   <subfield code="a">Hoá học hữu cơ</subfield>
  </datafield>
  <datafield tag="653" ind1=" " ind2=" ">
   <subfield code="a">Bài tập</subfield>
  </datafield>
  <datafield tag="653" ind1=" " ind2=" ">
   <subfield code="a">Giáo trình</subfield>
  </datafield>
  <datafield tag="774" ind1=" " ind2=" ">
   <subfield code="a">Ngô Thị Thuận</subfield>
   <subfield code="d">Khoa học và Kỹ thuật</subfield>
   <subfield code="d">H.</subfield>
   <subfield code="d">2012</subfield>
   <subfield code="g">T.1</subfield>
   <subfield code="h">187 tr.</subfield>
   <subfield code="t">Hoá học hữu cơ</subfield>
   <subfield code="w">14717</subfield>
  </datafield>
  <datafield tag="774" ind1=" " ind2=" ">
   <subfield code="a">Ngô Thị Thuận</subfield>
   <subfield code="d">Khoa học và Kỹ thuật</subfield>
   <subfield code="d">H.</subfield>
   <subfield code="d">2012</subfield>
   <subfield code="g">T.2</subfield>
   <subfield code="h">211 tr.</subfield>
   <subfield code="t">Hóa học hữu cơ</subfield>
   <subfield code="w">14718</subfield>
  </datafield>
  <datafield tag="OWN" ind1=" " ind2=" ">
   <subfield code="a">LSP</subfield>
  </datafield>
  <datafield tag="999" ind1=" " ind2=" ">
   <subfield code="a">From the UDN01</subfield>
  </datafield>
  <datafield tag="TYP" ind1=" " ind2=" ">
   <subfield code="a">Monograph</subfield>
  </datafield>
  <datafield tag="TYP" ind1=" " ind2=" ">
   <subfield code="a">Printed language</subfield>
  </datafield>
  <datafield tag="980" ind1=" " ind2=" ">
   <subfield code="a">Mạng thư viện Đại học Đà Nẵng</subfield>
  </datafield>
 </record>
</collection>
